00326nam a2200097Ia 4500008004100000082002300041100002400064245005300088260007000141300001700211230907s9999||||xx |||||||||||||| ||und|| a333.793230973bSTU aStudebaker, John M. 0aMaximizing energy savings and minimizing costs / aFairmont Press ; | CRC Press,bLilburn, GA : | Boca Raton :c2009 aix, 346 p. :